|
|
|
|
| LEADER |
00000cam a2200000 7i4500 |
| 001 |
0000000983 |
| 005 |
20230711.0 |
| 008 |
991125 my eng |
| 020 |
|
|
|a 9679949214 (hbk)
|
| 040 |
|
|
|a INS
|
| 090 |
0 |
0 |
|a SB268.M4
|b .C476 1986
|
| 245 |
0 |
0 |
|a Cocoa and coconuts :
|b progress and outlook
|c edited by E. Pushparajah & Chew Poh Soon
|
| 260 |
|
|
|a Kuala Lumpur :
|b The Incorporated Seciety of Planters ,
|c c1986
|
| 300 |
|
|
|a xxxiii, 947 p. :
|b ill. ;
|c 56 cm.
|
| 504 |
|
|
|a Includes bibliographical references
|
| 650 |
|
0 |
|a Cocoa
|
| 700 |
1 |
|
|a Chew, Poh Soon
|
| 700 |
1 |
|
|a E., Pushparajah
|
| 999 |
|
|
|a 0000003379
|b BOOK
|c Open Shelf
|e Default branch
|